| 000 | 01192nam a2200313Ia 4500 | ||
|---|---|---|---|
| 003 | OSt | ||
| 005 | 20221007125259.0 | ||
| 006 | a|||||r|||| 00| 0 | ||
| 007 | ta | ||
| 008 | 221006b |||||||| |||| 00| 0 eng d | ||
| 020 |
_a0471374997 (pbk) _c _ 79.95 |
||
| 024 | _a8557 | ||
| 037 |
_bEducational, _cTextual |
||
| 040 |
_aCDL _cCDL _beng |
||
| 041 |
_2eng _aeng |
||
| 082 | _aE5:28, P1 | ||
| 100 |
_aEliel Ernest L _9311007 |
||
| 245 | 0 |
_aBasic organic stereochemistry by Ernest L Eliel and others _b Wilen Samuel H Doyle Michael P |
|
| 260 |
_aNew _bYork Wiley Interscience _c2001 |
||
| 300 |
_axiv,688p _ccm. |
||
| 500 | _aIncludes bibliographical references; Index 649-688p; ^n23/CSL/CARC/2001-2002/369^d2001-10-08^mPurchase; ; 2001-2002/275^b2001-11-07^cEBA/248/2001-02^d2001-10-17^eRs.3,483.00^fEducationalBook Agency (India); ; 2001-12-24^bSB^c2002-06-03^dRPS | ||
| 650 | _a Organic Compounds | ||
| 650 | _a Stereochemistry | ||
| 650 | _aChemistry | ||
| 700 |
_a Doyle Michael P _9721779 |
||
| 700 | _a Wilen Samuel H | ||
| 942 |
_hE5:28, P1 _cTEXL _2CC |
||
| 999 |
_c1214999 _d1214999 |
||